000 00775nam a2200229 a 4500
001 41020
003 BD-RjUL
005 20211209053320.0
008 160514s2010 bg ||||| |||| 00| 0 ben d
020 _a984868557x
035 _a(BD-RjUL)41136
040 _aBD-RjUL
_bben
_cBD-RjUL
041 _aben
082 _223
_a891.441
_bNAJ 2010
100 _aনাগরী, শাহাবুদ্দীন
_9126230
245 1 0 _aজলের নিচে জলছায়া /
_cশাহাবুদ্দীন নাগরী
260 _aঢাকা :
_bঅন্য প্রকাশ,
_c২০১০.
300 _a৬৪ পৃ. ;
_c২১ সেমি.
650 _aবাংলা কবিতা
_9126231
650 _aBengali poetry
_9126232
942 _2ddc
_cBK
999 _c41020
_d41020